Miscellaneous Quiz / Cat Breeds Slideshow

Random Miscellaneous Quiz

Results

Quiz not verified by Sporcle

Score 0/20 Timer 05:00
1 Play Today
% Correct
Siamese
90.4%
Scottish Fold
68.1%
Persian
67.1%
Maine Coon
66.7%
Bengal
65.1%
Sphynx
61.3%
Russian Blue
56.3%
Munchkin
50%
Burmese
46.2%
Manx
45.5%
% Correct
British Shorthair
35.7%
Turkish Van
32.9%
Norwegian Forest Cat
30.6%
Birman
26.3%
American Curl
23.5%
Devon Rex
22.1%
American Bobtail
21.2%
Turkish Angora
20.4%
Balinese
16.9%
Selkirk Rex
11.4%
 
Number % Answered
20 (all)
3.3%
18-19
3.7%
16-17
5.3%
14-15
6.8%
12-13
8.4%
10-11
10.7%
8-9
14.7%
6-7
14.8%
4-5
14.9%
2-3
11%
1-1
6.5%

You're not logged in!

Compare scores with friends on all Sporcle quizzes.
Sign Up with Email
OR
Log In

You Might Also Like...

Show Comments

Extras


Your Account Isn't Verified!

In order to create a playlist on Sporcle, you need to verify the email address you used during registration. Go to your Sporcle Settings to finish the process.